| 000 | 00447nam a2200181Ia 4500 | ||
|---|---|---|---|
| 008 | 090123s9999 xx 000 0 und d | ||
| 082 | _b36327 | ||
| 100 | _aCOHEN HERB | ||
| 245 | _aYOU CAN NEGOTIATE ANYTHING | ||
| 250 | _a0 | ||
| 260 | _b"JAICO PUBLISHING HOUSE,MUMBAI" | ||
| 300 | _a192 | ||
| 600 | _aCOHEN HERB | ||
| 630 | _aYOU CAN NEGOTIATE ANYTHING | ||
| 700 | _aCOHEN HERB | ||
| 730 | _aYOU CAN NEGOTIATE ANYTHING | ||
| 942 | _cBOOK | ||
| 999 |
_c74394 _d74394 |
||